Algo de los ixiles (Record no. 10201)

MARC details
000 -CABECERA
campo de control de longitud fija 00891nam a2200253 a 4500
001 - NÚMERO DE CONTROL
campo de control BRL_1390
005 - FECHA Y HORA DE LA ÚLTIMA TRANSACCIÓN
campo de control 20190320211200.0
008 - DATOS DE LONGITUD FIJA--INFORMACIÓN GENERAL
campo de control de longitud fija 031215s19uu----gt-aob####---#000-0#spa-#
041 ## - CÓDIGO DE LENGUA
Código de lengua del texto/banda sonora o título independiente spa
Código de lengua original eng
050 #4 - SIGNATURA TOPOGRÁFICA DE LA BIBLIOTECA DEL CONGRESO
Número de clasificación F1476
Número de documento/Ítem .A44 1900
245 10 - MENCIÓN DE TÍTULO
Título Algo de los ixiles
Mención de responsabilidad, etc. El Dzunun ; fotografía en color Arturo Paz ; fotografía en blanco y negro David Ordoñez ; dibujos David Ordoñez.
260 ## - PUBLICACIÓN, DISTRIBUCIÓN, ETC.
Lugar de publicación, distribución, etc. [Guatemala]
Nombre del editor, distribuidor, etc. Litorama
Fecha de publicación, distribución, etc. [19--]
300 ## - DESCRIPCIÓN FÍSICA
Extensión 54 p.
Otras características físicas il., fotografías, mapas
Dimensiones 22 cm.
500 ## - NOTA GENERAL
Nota general Au1640
500 ## - NOTA GENERAL
Nota general Texto en: español e inglés
504 ## - NOTA DE BIBLIOGRAFÍA, ETC.
Nota de bibliografía, etc. Bibliografía: p. 54
650 14 - PUNTO DE ACCESO ADICIONAL DE MATERIA--TÉRMINO DE MATERIA
Término de materia o nombre geográfico como elemento de entrada Ixiles
Subdivisión general Indumentaria
9 (RLIN) 26748
650 14 - PUNTO DE ACCESO ADICIONAL DE MATERIA--TÉRMINO DE MATERIA
Término de materia o nombre geográfico como elemento de entrada Indígenas de América Central
Subdivisión general Vida social y costumbres
Subdivisión geográfica Quiché (Guatemala)
9 (RLIN) 26749
651 #4 - PUNTO DE ACCESO ADICIONAL DE MATERIA--NOMBRE GEOGRÁFICO
Nombre geográfico Quiché (Guatemala)
9 (RLIN) 26750
700 1# - PUNTO DE ACCESO ADICIONAL--NOMBRE DE PERSONA
Nombre de persona Paz, Arturo
Término indicativo de función/relación il.
9 (RLIN) 26751
700 1# - PUNTO DE ACCESO ADICIONAL--NOMBRE DE PERSONA
Nombre de persona Ordoñez, David
Término indicativo de función/relación il.
9 (RLIN) 26752
902 ## - CATALOGADOR
Iniciales GRL
942 ## - ELEMENTOS DE PUNTO DE ACCESO ADICIONAL (KOHA)
Fuente del sistema de clasificación o colocación Library of Congress Classification
Tipo de ítem Koha Libros
Holdings
Estado de retiro Estado de pérdida Estado dañado No para préstamo Localización permanente Ubicación/localización actual Fecha de adquisición Número de inventario Total de préstamos Signatura topográfica completa Código de barras Fecha visto por última vez Precio válido a partir de Tipo de ítem Koha
El ejemplar forma parte de la colección y puede ser consultado según las políticas vigentes.       Biblioteca Centro de Estudios Ruth D. Lechuga Biblioteca Centro de Estudios Ruth D. Lechuga 10/01/2014 Au1640   F1476 .A44 1900 (Au1640) GRL01548 22/03/2019 22/03/2019 Libros